[Event "AUTO-BEG-633"]
[Site "http://www.queenalice.com/game.php?id=1385028"]
[Date "2015.9.23"]
[Round "1"]
[White "gillou77"]
[Black "Laucin"]
[Result "1-0"]
[WhiteElo "1348"]
[BlackElo "1258"]

1. e4 f6 2. d4 g5 3. d5 h5 4. h4 gxh4 5. Rxh4 d6 6. Nf3 c6 7. c4 cxd5 8. cxd5
Bd7 9. Nc3 Nh6 10. a4 Bg7 11. Rxh5 Ng4 12. Rxh8+ Bf8 13. Nh4 Nh2 14. Bh6 Kf7 15.
Rxf8+ Qxf8 16. Bxf8 Kxf8 17. Ng6+ Ke8 18. Nb5 Nxf1 19. Kxf1 a6 20. Nc7+ Kd8 21.
Nxa8 b5 22. a5 Bc8 23. Rc1 b4 24. Nb6 b3 25. Nf8 Ke8 26. Rxc8+ Kf7 27. Qh5+ Kg7
28. Qh7# 1-0

[Event "AUTO-BEG-633"]
[Site "http://www.queenalice.com/game.php?id=1385031"]
[Date "2015.9.23"]
[Round "1"]
[White "Laucin"]
[Black "ldittmerm"]
[Result "0-1"]
[WhiteElo "1222"]
[BlackElo "1292"]

1. b4 e5 2. a3 Nf6 3. c3 c6 4. d3 d5 5. e4 Be6 6. Be2 Bd6 7. c4 O-O 8. Nc3 d4 9.
Nd5 Nfd7 10. b5 c5 11. a4 b6 12. a5 f5 13. Nf3 f4 14. axb6 Nxb6 15. Nxb6 Qxb6
16. Rb1 Nd7 17. Ng5 Bxc4 18. dxc4 h6 19. Ne6 Rf6 20. Nxg7 Kxg7 21. O-O Rg6 22.
Bf3 Qd8 23. Bg4 Nb6 24. Be2 Qg5 25. Rb3 Qxg2# 0-1

[Event "AUTO-BEG-633"]
[Site "http://www.queenalice.com/game.php?id=1385032"]
[Date "2015.9.23"]
[Round "1"]
[White "ldittmerm"]
[Black "Laucin"]
[Result "1-0"]
[WhiteElo "1252"]
[BlackElo "1209"]

1. e4 d6 2. Nf3 f6 3. Bc4 e6 4. c3 Ne7 5. d4 Nbc6 6. O-O Ng6 7. Bb3 Bd7 8. Qd3
Qe7 9. Be3 h5 10. e5 fxe5 11. dxe5 dxe5 12. Qxg6+ Kd8 13. Bg5 Rh6 14. Bxh6 gxh6
15. Qg8 e4 16. Nd4 Ne5 17. Nd2 Ke8 18. Rfd1 Nd3 19. Nxe4 Nxb2 20. Re1 e5 21. Nf5
Bxf5 22. Nf6+ Qxf6 23. Rad1 h4 24. Rd2 b6 25. f4 Nd3 26. Re3 Nc5 27. fxe5 Qg5
28. Qf7# 1-0

[Event "AUTO-BEG-634"]
[Site "http://www.queenalice.com/game.php?id=1392641"]
[Date "2015.11.5"]
[Round "1"]
[White "JonathanSouza"]
[Black "Laucin"]
[Result "1-0"]
[WhiteElo "1382"]
[BlackElo "1287"]

1. e4 e6 2. d4 d5 3. exd5 exd5 4. Nc3 Nc6 5. Nf3 f5 6. b3 Nb4 7. a3 Nc6 8. Ne5
Nce7 9. g3 h5 10. a4 g6 11. Ba3 Nf6 12. h3 g5 13. g4 fxg4 14. Bd3 Be6 15. Ng6
Rh7 16. Nxf8 Kxf8 17. Bxh7 Nxh7 18. f3 gxf3 19. Qxf3+ Bf7 20. Rf1 b6 21. b4 Nc6
22. b5+ Kg8 23. Qxf7+ Kh8 24. Nxd5 g4 25. Qg6 Qxd5 26. Bf8 Nxf8 27. Qh6+ Nh7 28.
bxc6 Qxd4 29. Rf7 Qe4+ 30. Kd2 Qg2+ 31. Kc1 1-0

[Event "AUTO-BEG-634"]
[Site "http://www.queenalice.com/game.php?id=1392642"]
[Date "2015.11.5"]
[Round "1"]
[White "Laucin"]
[Black "JonathanSouza"]
[Result "0-1"]
[WhiteElo "1300"]
[BlackElo "1369"]

1. b4 e5 2. c4 Nc6 3. Nc3 Nf6 4. Nf3 e4 5. Ng5 h6 6. Ngxe4 Nxe4 7. Nxe4 Nxb4 8.
a3 Nc6 9. Bb2 f5 10. Nc3 a5 11. e3 g6 12. Nd5 Bc5 13. Bxh8 Ne5 14. Rc1 Bxa3 15.
Ra1 Bb2 16. Ra2 Nf7 17. Rxb2 c6 18. Nf4 g5 19. Ng6 Nxh8 20. Nxh8 Ke7 21. Ng6+
Kf6 22. Nf4 gxf4 23. exf4 Qe8+ 24. Be2 b5 25. cxb5 c5 26. b6 Rb8 27. Rb5 d6 28.
Rxa5 Rxb6 29. Ra8 Qg6 30. Rxc8 Qxg2 0-1

[Event "AUTO-BEG-634"]
[Site "http://www.queenalice.com/game.php?id=1392655"]
[Date "2015.11.5"]
[Round "1"]
[White "a3035"]
[Black "Laucin"]
[Result "1-0"]
[WhiteElo "1209"]
[BlackElo "1241"]

1. e4 e5 2. Nf3 d6 3. Nc3 h5 4. d3 Nc6 5. d4 exd4 6. Nd5 Nf6 7. Nxf6+ Qxf6 8.
Bb5 Bd7 9. O-O a6 10. Bxc6 Bxc6 11. Ng5 h4 12. c3 dxc3 13. b3 Qe5 14. f4 Qe7 15.
Qd3 f6 16. Nf3 O-O-O 17. Re1 g6 18. Qxc3 Bg7 19. Rb1 Bh6 20. Nxh4 g5 21. Ng6 Qg7
22. Nxh8 Qxh8 23. Be3 Bxe4 24. Rbc1 d5 25. Qxc7# 1-0

[Event "AUTO-BEG-634"]
[Site "http://www.queenalice.com/game.php?id=1392656"]
[Date "2015.11.5"]
[Round "1"]
[White "Laucin"]
[Black "a3035"]
[Result "0-1"]
[WhiteElo "1277"]
[BlackElo "1194"]

1. Nf3 d5 2. d3 Nf6 3. Nc3 Nc6 4. a4 e6 5. e3 Bb4 6. Ng5 O-O 7. Be2 d4 8. Bd2
dxe3 9. Bxe3 Nd4 10. Bg4 e5 11. a5 Nxg4 12. Bd2 Bxc3 13. Bxc3 Qxg5 14. Bb4 Qf6
15. c3 Qxf2# 0-1

[Event "AUTO-BEG-634"]
[Site "http://www.queenalice.com/game.php?id=1392665"]
[Date "2015.11.5"]
[Round "1"]
[White "Laucin"]
[Black "Fmoreira"]
[Result "1-0"]
[WhiteElo "1275"]
[BlackElo "1255"]

1. g4 Nc6 2. Nf3 e5 3. c3 Nf6 4. d4 e4 5. Ng5 h6 6. Bg2 hxg5 7. Bxg5 d5 8. a4
Bxg4 9. h3 Bh5 10. Nd2 Na5 11. b4 Nc4 12. Nb3 Nb2 13. Qc2 Nc4 14. Bf4 Bd6 15.
Bg5 O-O 16. b5 b6 17. O-O Be7 18. Bf4 Bg6 19. Ra2 Bd6 20. Bg5 Be7 21. h4 Nh5 22.
Bf4 Nxf4 23. Re1 e3 24. fxe3 1-0

[Event "AUTO-BEG-634"]
[Site "http://www.queenalice.com/game.php?id=1392666"]
[Date "2015.11.5"]
[Round "1"]
[White "Fmoreira"]
[Black "Laucin"]
[Result "0-1"]
[WhiteElo "1207"]
[BlackElo "1290"]

1. e4 e5 2. Nc3 c5 3. Nd5 Nf6 4. Nxf6+ gxf6 5. d3 Nc6 6. Nf3 h5 7. h4 b5 8. Bg5
Be7 9. Be3 b4 10. b3 Ba6 11. Be2 Bb7 12. O-O Ba6 13. c4 Bb7 14. a3 a5 15. axb4
cxb4 16. Nh2 Qc7 17. Bxh5 Ba6 18. g3 f5 19. exf5 Rd8 20. f4 Rxh5 21. Qxh5 Qd6
0-1

[Event "Tromat"]
[Site "http://www.queenalice.com/game.php?id=1396193"]
[Date "2015.11.27"]
[Round "5"]
[White "kokokinel"]
[Black "Laucin"]
[Result "1-0"]
[WhiteElo "2181"]
[BlackElo "1195"]

1. b3 c5 2. Bb2 Nh6 3. e3 Nf5 4. c4 e6 5. Nf3 Nc6 6. d4 Na5 7. Bd3 b6 8. Bxf5 h5
9. Bc2 h4 10. h3 Bb7 11. d5 exd5 12. cxd5 Qe7 13. Nc3 g5 14. Nb5 d6 15. Bxh8 a6
16. Na3 b5 17. Bf5 Bc8 18. Bxc8 1-0

[Event "AUTO-BEG-596"]
[Site "http://www.queenalice.com/game.php?id=1403472"]
[Date "2016.1.10"]
[Round "2"]
[White "areis"]
[Black "Laucin"]
[Result "1-0"]
[WhiteElo "1965"]
[BlackElo "1302"]

1. d4 d5 2. Nf3 Nc6 3. Bf4 f6 4. e3 e6 5. Bd3 Nb4 6. Be2 Bd7 7. c3 Nc6 8. Nbd2
h6 9. h3 h5 10. Rc1 h4 11. Qc2 g5 12. Qg6+ Ke7 13. Nxg5 fxg5 14. Bxg5+ Nf6 15.
Bxf6+ Kd6 16. Bxd8 Nxd8 17. e4 Rh6 18. e5+ Kc6 19. Qc2 Be8 20. c4 Kd7 21. cxd5
1-0